[Event "Ankara Baskent Univ op 6th"]
[Site "Ankara"]
[Date "2023.08.18"]
[Round "5"]
[White "Nikookar, Mahdi"]
[Black "Gurbanov, Ismayil"]
[Result "1-0"]
[WhiteElo "2220"]
[BlackElo "1985"]
[PlyCount "49"]
[EventDate "2023.08.15"]
[EventType "swiss"]
[EventRounds "9"]
[EventCountry "TUR"]
[SourceTitle "CBM 215 Extra"]
[Source "ChessBase"]
[SourceDate "2023.09.30"]
[SourceVersion "1"]
[SourceVersionDate "2023.09.30"]
[SourceQuality "1"]

1. d4 Nf6 2. Nf3 d5 3. c3 Bf5 4. Qb3 Qc8 5. c4 dxc4 6. Qxc4 e6 7. Nc3 h6 8. g3 Be7 9. Bf4 Nc6 10. Bg2 0-0 11. 0-0 Rd8 12. Rac1 g5 13. Be3 Nd7 14. d5 Nce5 15. Nxe5 Nxe5 16. Qb3 Ng4 17. Nb5 Bd6 18. Bc5 Be5 19. h3 Nf6 20. f4 gxf4 21. gxf4 Ne4 22. fxe5 Rxd5 23. Rxf5 Rxc5 24. Rxc5 exf5 25. Rc2 1-0

[Event "AZE-ch Prelim 77th"]
[Site "Baku"]
[Date "2023.01.17"]
[Round "5"]
[White "Ahmad, Khagan"]
[Black "Gurbanov, Ismayil"]
[Result "0-1"]
[WhiteElo "2133"]
[BlackElo "2010"]
[PlyCount "130"]
[EventDate "2023.01.13"]
[EventType "swiss"]
[EventRounds "9"]
[EventCountry "AZE"]
[SourceTitle "CBM 212 Extra"]
[Source "ChessBase"]
[SourceDate "2023.03.31"]
[SourceVersion "1"]
[SourceVersionDate "2023.03.31"]
[SourceQuality "1"]

1. e4 e6 2. d4 d5 3. Nd2 c5 4. exd5 exd5 5. Ngf3 a6 6. dxc5 Bxc5 7. Nb3 Bb6 8. Bd3 Nf6 9. Qe2+ Qe7 10. Qxe7+ Kxe7 11. 0-0 Nc6 12. Re1+ Be6 13. Be3 Bxe3 14. Rxe3 Kd6 15. c3 Ng4 16. Ree1 Nge5 17. Nxe5 Nxe5 18. Rad1 Rhe8 19. f3 Rac8 20. Kf2 g6 21. Nd4 Nc6 22. Nc2 b5 23. Ne3 Kc5 24. Bc2 Red8 25. Bb3 a5 26. a3 Rb8 27. Rd2 Ne5 28. Nc2 Nc4 29. Bxc4 bxc4 30. Nd4 Rb6 31. g4 Rdb8 32. Ree2 Bd7 33. Kg3 Kd6 34. h4 h6 35. f4 h5 36. f5 hxg4 37. fxg6 fxg6 38. Rf2 Kc7 39. Rde2 R8b7 40. Rc2 Kb8 41. Rcd2 Bc8 42. Rde2 a4 43. Kg2 Ka7 44. Kg3 Kb8 45. Rc2 Re7 46. Rfe2 Rf7 47. Re5 Rd6 48. Rce2 Bd7 49. Re7 Rxe7 50. Rxe7 Kc8 51. Re2 Rf6 52. Re5 Rb6 53. Re2 Rf6 54. Kg2 Kc7 55. Re7 Rb6 56. Re2 Rf6 57. Nc2 Kd6 58. Ne3 Rf3 59. Nc2 Bf5 60. Ne1 Be4 61. Kg1 Rh3 62. Rh2 Rxh2 63. Kxh2 Ke5 64. Kg3 Kf5 65. Kf2 Ke5 0-1